The Oxford pocket book of cricket coaching / (Record no. 77061)
[ view plain ]
| 000 -LEADER | |
|---|---|
| fixed length control field | 00740cam a22002412 4500 |
| 001 - CONTROL NUMBER | |
| control field | 77061 |
| 003 - CONTROL NUMBER IDENTIFIER | |
| rucl marc code | BD-RjUL |
| 005 - DATE AND TIME OF LATEST TRANSACTION | |
| control field | 20211209082924.0 |
| 008 - FIXED-LENGTH DATA ELEMENTS--GENERAL INFORMATION | |
| fixed length control field | 780819s1953 xx 000 0 eng d |
| 035 ## - SYSTEM CONTROL NUMBER | |
| System control number | (BD-RjUL)77285 |
| 040 ## - CATALOGING SOURCE | |
| Original cataloging agency | APL |
| Transcribing agency | APL |
| Modifying agency | UKM |
| -- | EQO |
| Language of cataloging | eng |
| 041 ## - LANGUAGE CODE | |
| Language code of text/sound track or separate title | eng |
| 082 ## - DEWEY DECIMAL CLASSIFICATION NUMBER | |
| Edition number | 21 |
| Classification number | 796.358 |
| Author mark and year | TOO 1953 |
| 100 1# - MAIN ENTRY--PERSONAL NAME | |
| Personal name | Townsend, David, |
| Dates associated with a name | 1912- |
| 9 (RLIN) | 239586 |
| 245 14 - TITLE STATEMENT | |
| Title | The Oxford pocket book of cricket coaching / |
| Statement of responsibility, etc. | David Townsend |
| 260 ## - PUBLICATION, DISTRIBUTION, ETC. (IMPRINT) | |
| Place of publication, distribution, etc. | London ; |
| -- | New York : |
| Name of publisher, distributor, etc. | Oxford University Press, |
| Date of publication, distribution, etc. | 1953. |
| 300 ## - PHYSICAL DESCRIPTION | |
| Pagination | 90 p. |
| Illustrations | illus.; |
| Size | 17 cm |
| 500 ## - GENERAL NOTE | |
| General note | Imprint covered by distributor's label: New York, Sport Shelf. |
| 650 ## - SUBJECT ADDED ENTRY--TOPICAL TERM | |
| Topical term or geographic name as entry element | cricket |
| 9 (RLIN) | 239587 |
| 942 ## - ADDED ENTRY ELEMENTS (KOHA) | |
| Source of classification or shelving scheme | Dewey Decimal Classification |
| Koha item type | Books |
| Lost status | Source of classification or shelving scheme | Damaged status | Not for loan | Collection code | Permanent Location | Current Location | Shelving location | Date acquired | Source of acquisition | Cost, normal purchase price | Total Checkouts | Full call number | Date last seen | Copy number | Koha item type |
|---|---|---|---|---|---|---|---|---|---|---|---|---|---|---|---|
| Dewey Decimal Classification | Not For Loan | Non-fiction | Central Library, University of Rajshahi | Central Library, University of Rajshahi | Reading Room | 02/11/1956 | A.B.C. | 4.00 | 796.358 TOO 1953 | 20/02/2020 | C-1 | Books |